00594nam a2200193Ia 4500008004100000050001200041050001500053100002800068245009500096245002800191260003100219260001000250260001000260300001600270300002000286300001100306500005600317521002700373160517s9999 xx 000 0 und d aT 58.6  b.L961 2016 aLuna, Kristin Alyssa G. aPoint of system with inventory management for pallera's trading and gen. merchandise co. / cKristin Alyssa G. Luna. aLas Piñas, Philippines : bSISC, c2016. a170 pages : billustrations ; c28 cm. aIncludes bibliographical references and appendices. aInformation Technology